000 00543nab a2200145Ia 4500
003 ES-SlBCS
005 20210601133738.0
008 140529s2004 xxu||||| |||| 00| 0 por d
041 _apor
100 1 _aGatti Júnior, Décio
_9209097
245 0 0 _aHistória da Educaçao: consolidaçao da pesquisa nacional e ampliaçao dos espaços de divulgaçao científica
_c Décio Gatti Júnior
650 0 4 _aHistoria de la Educación
_9139608
773 0 _tEducaçao e Filosofia
_gvol. 18 Nº Especial, nº. 35, 2004, págs. 5-22
_wRev1534
942 _cAR
999 _c601435
_d601435